000 01633cam a22004574i 4500
003 PE-LiUPU
005 20250731173438.0
008 150616s r 000 0 d
035 _a(Sirsi) a5600
040 _aPE-LiUPU
_bspa
_cPE-LiUPU
_erda
049 _aPRUA
082 0 4 _a262.52
_bS21
_221
100 1 _aSans, Isidro M.,
_eautor.
245 1 0 _aHacia un dialogo religioso universal.
264 1 _aBilbao :
_bEdiciones Mensajero,
_c1992.
300 _a246 páginas ;
_c22 cm.
336 _atext
_2rdacontent
337 _aunmediated
_2rdamedia
338 _avolume
_2rdacarrier
490 0 _aTeología Deusto ;
_v24
505 0 _aDos personajes-clave: Juan XXIII, Cardenal Bea - Propuesta del Pontificio Instituto Bíblico (sh.O).- La cuestión ecuménica.- Presentación conciliar.- Intersesión pontificia.- Intersesión conciliar.- Recta final.- Ultimos retoques.
526 _aSEG42
526 _aSEG41
526 _aSEG40
526 _aSEG39
526 _aP94
526 _aP87
526 _aP86
526 _aP85
526 _aP77
526 _aP76
526 _aP35
650 0 4 _aECUMENISMO O CONCILIOS.
910 _ajck
_bjvq
_cjck
942 _2ddc
_cBOOK
949 _a262.52 S21
_wDEWEY
_c1
_i39459
_lCCODEBUL1
_mBUL
_p00.00
_r0
_sY
_tBOOK
_u19950918
_xTEOLOGIA
_zUNKNOWN
_0COMPRA
_o.STAFF. Colección General
994 _aC0
_bPEPRU
596 _a1
999 _a262.52 S21
_wDEWEY
_c56647
_i39459
_f2021-11-12
_g5
_lCCODEBUL1
_mBUL
_r0
_sY
_tBOOK
_u2015-6-16
_xTEOLOGIA
_zUNKNOWN
_0COMPRA
_o.STAFF. Colección General
_d56647
980 _81
_gALBERTO SANCHEZ Responsable de Automatización